000 01012naa a22002657a 4500
001 BR9400281
003 BR-BrBNA
005 20240918181114.0
007 ta
008 230509b bl.||||| |||| 00| 0 por d
040 _aBR-BrBNA
_bpor
_cBiblioteca Nacional de Agricultura
041 _a(Pt)
072 _aE50
090 _aE50 BR9400281
100 1 _aSenna, R.
111 1 _aSimposio sobre Caatinga e sua Exploracao Racional
_cFeira de Santana, BA (Brazil)
_d26-30 Nov 1984
245 1 _aAdequacao ideologica do homem ao seu meio ecologico (adaptacao historica-socio-cultural)
260 3 _aBrasilia, DF (Brasil):
_c1986.
500 _aAnais do Simposio sobre Caatinga e sua exploracao racional Brasilia, DF (Brasil): 1986. p. 353-357 (BR9400281-AM)E50
650 _aHomem
650 _aEcologia Humana
773 0 _tAnais do Simposio sobre Caatinga e sua exploracao racional
_wE50 BR9400281
_gBrasilia, DF (Brasil), 1986. p. 353-357
909 _a202404
_bLucia
_c55
_dLucia Elande
942 _cAM
_2AGRIS
999 _c323638
_d323638